| 000 | 01559nam a22004217a 4500 | ||
|---|---|---|---|
| 001 | 265 | ||
| 003 | FISKH | ||
| 005 | 20250221092201.0 | ||
| 008 | 230313b cb ||||| |||| 00| 0 eng d | ||
| 010 | _a97805456584859780545658485 | ||
| 020 | _a9780545207003 | ||
| 035 | _a(OCoLC)ocn792931397 | ||
| 040 |
_aTOH _cTOH _dBKX _dIEP _dBPLCP _dDLC _beng |
||
| 050 | 0 | 0 |
_aPZ7.T211115 _bIak 2012 |
| 082 | 0 | 4 |
_a813.6 _223 |
| 100 | 1 | _aTarshis, Lauren. | |
| 245 | 1 | 0 |
_aI survived the attacks of September 11, 2001 / _cby Lauren Tarshis ; illustrated by Scott Dawson. |
| 246 | 3 | 0 | _aAttacks of September 11, 2001 |
| 260 |
_aNew York _bScholastic Press _c2012 |
||
| 300 |
_a82 p. : _bill. ; _c20 cm. |
||
| 490 | 0 | _aI survived | |
| 505 | _aM | ||
| 520 | _aWhen Lucas decides to skip school because he wants to discuss football with a firefighter friend of his father, he finds himself caught up in the terrorist attacks on New York City. | ||
| 521 | 8 |
_a630
_bLexile |
|
| 521 | 8 |
_aM
_bRaz-Plus |
|
| 650 | 0 |
_aSeptember 11 Terrorist Attacks, 2001 _vJuvenile fiction. |
|
| 650 | 0 |
_aTerrorism _zNew York (State) _zNew York _vJuvenile fiction. |
|
| 650 | 1 |
_aSeptember 11 Terrorist Attacks, 2001 _vFiction. |
|
| 650 | 1 |
_aTerrorism _vFiction. |
|
| 650 | 1 |
_aAdventure and adventurers _vFiction. |
|
| 650 | 1 | _aHistorical fiction. | |
| 651 | 1 |
_aNew York (N.Y.) _vFiction. |
|
| 655 | 7 |
_aAdventure fiction. _2gsafd |
|
| 655 | 7 |
_aHistorical fiction. _2gsafd |
|
| 700 | 1 |
_aDawson, Scott, _eill. |
|
| 906 |
_a7 _bcbc _ccopycat _d2 _encip _f20 _gy-gencatlg |
||
| 942 |
_2lcc _cBK _n0 |
||
| 999 |
_c265 _d265 |
||